Statystyki dla Złota Piłka 1990-2023

Kliknij tutaj aby rozwiązać quiz!

Ogólne statystyki

  • Ten quiz został rozwiązany 11 009 razy
    (6 020 od ostatniego zresetowania)
  • Średni wynik to 24 z 34

Statystyki odpowiedzi

RokZwycięzca% Poprawnych
2023Lionel Messi
100%
2010Lionel Messi
100%
2011Lionel Messi
100%
2019Lionel Messi
100%
2012Lionel Messi
100%
2009Lionel Messi
100%
2015Lionel Messi
100%
2021Lionel Messi XDDD
100%
2002Ronaldo
99%
1997Ronaldo
99%
2013Cristiano Ronaldo
93%
2018Luka Modrić
93%
2016Cristiano Ronaldo
92%
2014Cristiano Ronaldo
92%
2017Cristiano Ronaldo
92%
2008Cristiano Ronaldo
92%
2022Karim Benzema
91%
2020:)
87%
2005Ronaldinho
80%
2007Kaká
70%
1998Zinédine Zidane
65%
2006Fabio Cannavaro
50%
2003Pavel Nedved
50%
2000Luis Figo
47%
1999Rivaldo
45%
2001Michael Owen
44%
2004Andrij Szewczenko
41%
1992Marco van Basten
40%
1990Lothar Matthäus
28%
1995George Weah
26%
1993Roberto Baggio
26%
1994Christo Stoiczkow
22%
1991Jean-Pierre Papin
20%
1996Matthias Sammer
17%

Rozkład punktacji

Percentyl według liczby udzielonych odpowiedzi

Procent ludzi z każdym wynikiem

Twoja historia wyników

Nie rozwiązałeś tego quizu od ostatniego zresetowania